Míľniky výpočtovej techniky na Slovenskej technickej univerzite : 1962 - 2017 /

Guardado en:
Detalles Bibliográficos
Autor principal: Horváth, Pavol (Autor)
Formato: Libro
Lenguaje:eslovaco
Publicado: Bratislava : Slovenská technická univerzita v Bratislave vo Vydavateľstve Spektrum, 2018
Edición:1. vydanie
Materias:
Etiquetas: Agregar Etiqueta
Sin Etiquetas, Sea el primero en etiquetar este registro!

MARC

LEADER 00000nam a22000003a 4500
001 0065633
003 SK-STU
005 20230511094817.0
007 ta
008 180615s ----xo-----e------000-0-----d
020 |a 978-80-227-4791-2 
040 |a STU  |b slo 
041 0 |a slo 
044 |a xo 
100 1 |a Horváth, Pavol  |4 aut 
245 1 0 |a Míľniky výpočtovej techniky na Slovenskej technickej univerzite :  |b 1962 - 2017 /  |c aut. Pavol Horváth 
250 |a 1. vydanie 
260 |a Bratislava :  |b Slovenská technická univerzita v Bratislave vo Vydavateľstve Spektrum,  |c 2018 
300 |a 222 s. 
650 0 7 |a výpočtová technika 
650 0 7 |a Fakulta informatiky a informačných technológií STU 
650 0 7 |a dejiny informatiky 
650 0 7 |a počítačové siete 
650 0 7 |a počítače 
650 0 7 |a informačné systémy 
996 |b 284AU07562  |c A* 10811/U  |l AAKNST  |s P  |a 0  |w 0065633_0001 
996 |b 284EK89958  |c E*89958  |l EE0102  |s P  |a 0  |w 0065633_0002 
996 |b 284M087761  |c M* 14137-1  |l MMST  |s A  |a 24  |w 0065633_0003 
996 |b 284J045773  |c J* 118564  |l JJST  |s P  |a 0  |w 0065633_0004